| 000 | 01798nam a2200541 i 4500 | ||
|---|---|---|---|
| 001 | 1918 | ||
| 003 | KOSZ 005 | ||
| 005 | 20191003073724.0 | ||
| 008 | 990506s1983 pl a f f |001 0 pol | ||
| 015 | _aPB 1983/6238 | ||
| 020 | _a8320405106 | ||
| 035 | _a991009431009705066 | ||
| 035 | _a(PL-WaBN)b1255375x-48omnis_nlop | ||
| 035 | _ab1255375x | ||
| 035 | _a(OCoLC)749357239 | ||
| 035 | _a(PL)b0000001255375 | ||
| 035 | _a(EXLNZ-48OMNIS_NETWORK)9910144665305606 | ||
| 040 |
_aWA N _cWA N _dKOSZ 005/EC _dKOSZ 005/HR |
||
| 041 | 1 |
_apol _hger |
|
| 046 | _k1983 | ||
| 080 | _a63 | ||
| 080 | _a664 | ||
| 080 | _a579 | ||
| 080 | _a(075.8) | ||
| 100 | 1 |
_aMüller, Gunther _eAutor |
|
| 245 | 1 | 0 |
_aPodstawy mikrobiologii żywności / _cGunther Müller ; z niem. tł. Tadeusz Knaut. |
| 246 | 1 |
_iTyt. oryg.: _aGrundlagen der Lebensmittelmikrobiologie, _f1979 |
|
| 260 |
_aWarszawa : _bWydawnictwa Naukowo-Techniczne, _c1983. |
||
| 300 |
_a303, [1] s. : _bfot., rys., wykr., err. ; _c24 cm. |
||
| 336 |
_2rdacontent _aTekst _btxt |
||
| 337 |
_2rdamedia _aBez urządxzenia pośredniczącego _bn |
||
| 338 |
_2rdacarrier _aWolumin _bnc |
||
| 380 | _aKsiążki | ||
| 380 | _aPublikacje dydaktyczne | ||
| 385 |
_mPoziom nauczania _aSzkoły wyższe |
||
| 388 | _a1901-2000 | ||
| 388 | _a1945-1989 | ||
| 504 | _aBibliogr. s. 380-288.- Indeks. | ||
| 650 | 4 |
_aŻywność _2DBN |
|
| 650 | 4 | _aMikrobiologia | |
| 655 | 4 |
_aPodręczniki akademickie _2DBN |
|
| 658 | _aBiologia | ||
| 700 | 1 |
_aKnaut, Tadeusz _d(1921-1989) _eTłumaczenie |
|
| 710 | 2 |
_aWydawnictwa Naukowo-Techniczne _4pbl. |
|
| 856 |
_uhttp://koha.tu.koszalin.pl/cgi-bin/koha/opac-detail.pl?biblionumber=1918 _yKatalog online BPK |
||
| 942 |
_2UKD _cKS |
||
| 999 |
_c1918 _d1918 |
||